000 00642nam a2200277Ia 4500
005 20260324122005.0
008 008 260324s9999 xx 000 0 eng d
020 _a9780203103500
037 _aEBOOK
040 _aCRL
040 _beng
040 _cCRL
041 _2eng
041 _aeng
084 _qCRL
100 _aLisa Benton-Short; John Rennie Short
_91164679
245 0 _aCities and Nature
260 _bTaylor and Francis
260 _c2013
365 _a
365 _b255
856 _uhttp://www.taylorfrancis.com/books/9780203103500
942 _cEBOOK
999 _c1757104
_d1757104